MARC details
| 000 -CABECERA |
| campo de control de longitud fija |
02774cam a2200337 i 4500 |
| 001 - NÚMERO DE CONTROL |
| campo de control |
991106407616806196 |
| 005 - FECHA Y HORA DE LA ÚLTIMA TRANSACCIÓN |
| campo de control |
20250709090618.0 |
| 008 - DATOS DE LONGITUD FIJA--INFORMACIÓN GENERAL |
| campo de control de longitud fija |
170316s2017 enk g b 001 0 eng |
| 010 ## - NÚMERO DE CONTROL DE LA BIBLIOTECA DEL CONGRESO |
| Número de control de LC |
2017011127 |
| 020 ## - NÚMERO INTERNACIONAL ESTÁNDAR DEL LIBRO |
| Número Internacional Estándar del Libro |
9781784780456 |
| 035 ## - NÚMERO DE CONTROL DEL SISTEMA |
| Número de control de sistema |
(UTL)11395930-01utoronto_inst |
| 035 ## - NÚMERO DE CONTROL DEL SISTEMA |
| Número de control de sistema |
(SIRSI)11395930 |
| 035 ## - NÚMERO DE CONTROL DEL SISTEMA |
| Número de control de sistema |
(OCoLC)951753168 |
| Número de control cancelado/no válido |
(OCoLC)990064798 |
| 040 ## - FUENTE DE LA CATALOGACIÓN |
| Centro catalogador/agencia de origen |
DLC |
| Lengua de catalogación |
eng |
| Normas de descripción |
rda |
| Centro/agencia transcriptor |
DLC |
| Centro/agencia modificador |
YDXCP |
| -- |
BTCTA |
| -- |
BDX |
| -- |
ERASA |
| -- |
OCLCF |
| -- |
NDD |
| -- |
YDX |
| -- |
IGA |
| -- |
CaOTV |
| -- |
CaOTUIRN |
| 041 ## - CÓDIGO DE LENGUA |
| Código de lengua del texto/banda sonora o título independiente |
eng |
| 042 ## - CÃDIGO DE AUTENTICACIÃN |
| Código de autenticación |
pcc |
| 050 00 - SIGNATURA TOPOGRÁFICA DE LA BIBLIOTECA DEL CONGRESO |
| Número de clasificación |
QA76.5915 |
| Número de documento/Ítem |
.G745 2017 |
| 100 ## - ENTRADA PRINCIPAL--NOMBRE DE PERSONA |
| Nombre de persona |
Greenfield, Adam |
| Término indicativo de función/relación |
author |
| 9 (RLIN) |
7514 |
| 245 10 - MENCIÓN DE TÍTULO |
| Título |
Radical technologies |
| Resto del título |
: the design of everyday life |
| Mención de responsabilidad, etc. |
/ Adam Greenfield. |
| 260 ## - PUBLICACIÓN, DISTRIBUCIÓN, ETC. |
| Lugar de publicación, distribución, etc. |
London ; |
| -- |
New York : |
| Nombre del editor, distribuidor, etc. |
Verso, |
| Fecha de publicación, distribución, etc. |
2017. |
| 300 ## - DESCRIPCIÓN FÍSICA |
| Extensión |
359 pages ; |
| Dimensiones |
24 cm. |
| 504 ## - NOTA DE BIBLIOGRAFÍA, ETC. |
| Nota de bibliografía, etc. |
Includes bibliographical references and index. |
| 505 0# - NOTA DE CONTENIDO CON FORMATO |
| Nota de contenido con formato |
Smartphone: the networking of the self — The internet of things: a planetary mesh of perception and response — Augmented reality: an interactive overlay on the world — Digital fabrication: towards a political economy of matter — Cryptocurrency: the computational guarantee of value — Blockchain beyond Bitcoin: a trellis for posthuman institutions — Automation: the annihilation of work — Machine learning: the algorithmic production of knowledge — Artificial intelligence: the eclipse of human discretion — Radical technologies: the design of everyday life. |
| 520 8# - SUMARIO, ETC. |
| Sumario, etc. |
Everywhere we turn, our everyday experience is being overlaid and interrupted by startling new technologies. Today, we depend on the smartphone as an interface to an urban environment we share with autonomous drones and self-driving cars, even as we use augmented-reality applications to interact with things that aren't quite there. Now 3D printing offers us unprecedented fine-grained control over the form and distribution of matter, while the blockchain promises to remake the way we record and exchange value. And all the while, fiendishly complex algorithmic systems are operating quietly, reshaping the economy, transforming the fundamental terms of our politics, and even beginning to etch away at what it means to be human. 00Just how did these things come to be? How do they work? What (and whose) values do they reproduce? And what kind of choices do they present us with? "Radical Technologies" raises all of these questions to the surface and provokes us to ask what we might want to do with them now, when we might still be able to shape their impact on our shared future. |
| 650 #0 - PUNTO DE ACCESO ADICIONAL DE MATERIA--TÉRMINO DE MATERIA |
| Término de materia o nombre geográfico como elemento de entrada |
Ubiquitous computing |
| 9 (RLIN) |
5863 |
| 650 #0 - PUNTO DE ACCESO ADICIONAL DE MATERIA--TÉRMINO DE MATERIA |
| Término de materia o nombre geográfico como elemento de entrada |
Electronic data processing |
| Subdivisión general |
Social aspects |
| 9 (RLIN) |
25712 |
| 650 #0 - PUNTO DE ACCESO ADICIONAL DE MATERIA--TÉRMINO DE MATERIA |
| Término de materia o nombre geográfico como elemento de entrada |
Technological innovations |
| Subdivisión general |
Social aspects |
| 9 (RLIN) |
7506 |
| 650 #0 - PUNTO DE ACCESO ADICIONAL DE MATERIA--TÉRMINO DE MATERIA |
| Término de materia o nombre geográfico como elemento de entrada |
Telematics |
| 9 (RLIN) |
25713 |
| 650 #0 - PUNTO DE ACCESO ADICIONAL DE MATERIA--TÉRMINO DE MATERIA |
| Término de materia o nombre geográfico como elemento de entrada |
Work design |
| 9 (RLIN) |
25714 |
| 942 ## - ELEMENTOS DE ENTRADA AGREGADA (KOHA) |
| Fuente del sistema de clasificación o colocación |
Clasificación de Library of Congress |